O meu primeiro Dicionário Universal - Francês (Registo nº 102)

Detalhes MARC
000 -Etiqueta do registo
Cabeçalho 00624nam0a22002771 4500
005 - Identificador da versão
Campo de controlo 20240813121754.0
010 ## - Número internacional normalizado dos livros (ISBN)
Número (ISBN) 9724715485
021 ## - Número do Depósito Legal
Código do país PT
Número 148298/00
035 ## - Other System Control Numbers
System Control Number 0000110
System Control Number 0000110
System Control Number 0000110
System Control Number 0000106
100 ## - Dados gerais de processamento
Dados gerais de processamento 20041109d a e0pory5003 ba
102 ## - Pais de publicação ou produção
País de publicação Portugal
101 1# - Língua de publicação
Língua do texto, banda sonora, etc. Português
Língua do documento no original Inglês
106 ## - Campo de dados codificados: material textual
Dados codificados do material textual r
105 ## - Campo de dados codificados: livros
Dados codificados dos livros y z 001yy
215 ## - Descrição física 
Indicação específica da natureza do documento e extensão da espécie p.64
Dimensões cm
200 1# - Titulo e menção de responsabilidade
Título próprio O meu primeiro Dicionário Universal - Francês
225 2# - Colecção 
Título próprio da colecção Universal
210 ## - Publicação, Distribuição, etc. 
Lugar da edição, distribuição, etc. Lisboa
Nome do editor, distribuidor, etc. Texto Editora
Data da publicação, distribuição, etc. 2000
942 ## - Elementos de entrada adicionados (Koha)
Tipo de item no Koha Livro
Exemplares
Situação do levantamento Origin of item (home branch) (coded) Biblioteca de empréstimo Código de barras Cota Circulation type (not for loan) Tipo de documento Nota do exemplar Damaged status
  Biblioteca Escolar Eng. Nuno Mergulhão Biblioteca Escolar Eng. Nuno Mergulhão BENM116 811   Cativo Sem mensagem